000 004570000a22001810004500
003 MACL
005 20150705150140.0
008 150705b xxu||||| |||| 00| 0 eng d
040 _aMACL
_cMACL
041 _aEnglish
082 _a301/SRI
100 _aSrivastava, Vinay Kumar
_9899
245 _aIssues and Themes in Anthropology
260 _bPalaka Prakashan
_c2007
_aDelhi
350 _a1800
650 _aAnthropology
_962
942 _cBK
_k301/SRI
_2ddc
999 _c42587
_d42587